Экспериментальная оценка прочности тягового подвижного состава. Ч. 1: Способы определения напряженно-деформированного состояния и динамических характеристик в тяговом подвижном составе (Запись № 9793028)
[ простой вид ]
| 000 -МАРКЕР | |
|---|---|
| контрольное поле | 01857nam2a2200277 i 4500 |
| 001 - ИДЕНТИФИКАТОР ЗАПИСИ | |
| контрольное поле | RU\NLR\BIBL_A\010416522 |
| 005 - ИДЕНТИФИКАТОР ВЕРСИИ | |
| контрольное поле | 20240921200943.0 |
| 010 ## - МЕЖДУНАРОДНЫЙ СТАНДАРТНЫЙ НОМЕР КНИГИ (ISBN) | |
| Номер (ISBN) | 9785747306639 |
| Уточнения | ч.1 |
| Тираж | 50 |
| 021 ## - НОМЕР ГОСУДАРСТВЕННОЙ РЕГИСТРАЦИИ | |
| Код страны | Российская Федерация |
| Номер | 2014-35796 |
| Номер Листа государственной регистраци | 2182 |
| 035 ## - ДРУГИЕ СИСТЕМНЫЕ НОМЕРА | |
| Идентификатор записи | (NLR Aleph) 010416522 |
| 100 ## - ДАННЫЕ ОБЩЕЙ ОБРАБОТКИ | |
| Данные общей обработки | 20140716d2014 k y0rusy50 ca |
| 101 0# - ЯЗЫК РЕСУРСА | |
| Язык текста, звукозаписи и т.д. | русский |
| 102 ## - СТРАНА ПУБЛИКАЦИИ ИЛИ ПРОИЗВОДСТВА | |
| Страна публикации | Российская Федерация |
| 105 ## - ПОЛЕ КОДИРОВАННЫХ ДАННЫХ: ТЕКСТОВЫЕ МАТЕРИАЛЫ, МОНОГРАФИЧЕСКИЕ | |
| Кодированные данные о монографическом текстовом документе | a|||z|||001yy |
| 200 1# - ЗАГЛАВИЕ И СВЕДЕНИЯ ОБ ОТВЕТСТВЕННОСТИ | |
| Основное заглавие | Способы определения напряженно-деформированного состояния и динамических характеристик в тяговом подвижном составе |
| 210 ## - ПУБЛИКАЦИЯ, РАСПРОСТРАНЕНИЕ И ДР. | |
| Дата издания, распространения и т.д. | 2014 |
| 215 ## - ФИЗИЧЕСКАЯ ХАРАКТЕРИСТИКА | |
| Специфическое обозначение материала и объем | 302, [1] с. |
| Другие сведения о физической характеристике | ил. |
| 320 ## - ПРИМЕЧАНИЯ О НАЛИЧИИ В ДОКУМЕНТЕ БИБЛИОГРАФИИ / УКАЗАТЕЛЯ | |
| Текст примечания | Библиогр.: с. 295-297 (33 назв.) |
| 461 #0 - УРОВЕНЬ НАБОРА | |
| Встроенное поле | 001RU\NLR\BIBL_A\010588431 |
| -- | 2001#$aЭкспериментальная оценка прочности тягового подвижного состава$eмонография$e[в 2 ч.]$fВ.Б. Цкипуришвили$gФедер. агентство ж.-д. трансп., Федер. гос. бюджет. образоват. учреждение высш. проф. образования "Моск. гос. ун-т путей сообщ."$vЧ. 1 |
| -- | 700#1$aЦкипуришвили$bВ.Б.$gВалерий Багратович |
| Системный номер (АБИС) связанной записи | 10492617 |
| Автор | Цкипуришвили, В.Б. |
| Место публикации | Москва |
| Дата публикации | 2014 |
| Первые сведения об ответственности | В.Б. Цкипуришвили |
| Имя издателя, распространителя и т.д. | Московский государственный университет путей сообщения |
| Сведения, относящиеся к заглавию | монография : [в 2 ч.] |
| Заглавие | Экспериментальная оценка прочности тягового подвижного состава |
| ISBN | 9785747306622 |
| Номер тома | Ч. 1 |
| 606 1# - НАИМЕНОВАНИЕ ТЕМЫ КАК ПРЕДМЕТ | |
| Наименование темы | Локомотивы |
| Тематический подзаголовок | Динамика |
| Системный номер авторитетной/нормативной записи | 1490974 |
| Идентификатор авторитетной/нормативной записи | RU\NLR\AUTH\66641195 |
| 686 1# - ИНДЕКСЫ ДРУГИХ КЛАССИФИКАЦИЙ | |
| Индекс | О23-015 |
| 942 ## - ДОПОЛНИТЕЛЬНЫЕ ЭЛЕМЕНТЫ ЗАПИСИ (АБИС) | |
| Тип экземпляра АБИС | Книга |
| 980 ## - КОЛЛЕКЦИЯ | |
| Название коллекции | НБР |
Нет доступных экземпляров.